000 00956nam a22002417a 4500
001 5007
003 FISKH
005 20250820100454.0
008 241031b cb ||||| |||| 00| 0 eng d
020 _a9781404209275
040 _aFISKH
_beng
_cFISKH
_dFISKH
050 _aF334.M753
082 _a323.092
100 _aShone, Rob
245 _aRosa Parks :
_bThe Life of a Civil Rights Heroine /
_cby Rob Shone & illustrated by Nick Spender
260 _aNew York :
_bRosen Classroom Books & Materials ;
_c2007 .
300 _a48 pages :
_bcolor illustrations ;
_c26 cm .
520 _aThis fair, balanced, and non-politicized biography chronicles the timeline of a woman thrown into extraordinary circumstances when she set off a series of events that would change history by refusing to move to the back of a bus.
650 _a African American women
_vnon-fiction
700 _aSpender, Nick
_eillustrator
942 _2ddc
_cBK
_n0
999 _c5007
_d5007